000
00262nam a2200097Ia 4500
082
_a
EF RAIN
245
0
_a
Obesity discrimination
100
_a
Bryan, Dale-Marie New York, 2009 1st ed
_9
78756
942
_c
BK
008
210817s9999 xx 000 0 und d
999
_c
292358
_d
292357